| 000 | 00482nam a2200157Ia 4500 | ||
|---|---|---|---|
| 008 | 160316s1986 xxu||||| |||| 00| 0 eng d | ||
| 082 |
_a342.730230 _bJAC |
||
| 100 | _aJacobsohn Gary J | ||
| 245 | _aThe supreme court and the decline of constitution aspiration | ||
| 250 | _a | ||
| 260 |
_aNew Jersey _bRowman & Little Field Publishers _c1986 |
||
| 300 |
_a182 _b _cix |
||
| 365 | _b | ||
| 650 | _a1.Constitutional Law - U S A - Interpretation - Supreme Court - U S A | ||
| 700 |
_a _a |
||
| 999 |
_c9524 _d9524 |
||